[Event "Mittelfranken-chTB2a 1011"]
[Site "Germany"]
[Date "2011.02.13"]
[Round "6.4"]
[White "Zwingel, Stephan"]
[Black "Sand, Peter"]
[Result "1/2-1/2"]
[WhiteElo "1949"]
[BlackElo "1843"]
[PlyCount "39"]
[EventDate "2010.09.26"]
[EventType "team-tourn"]
[EventRounds "9"]
[EventCountry "GER"]
[SourceTitle "EXT 2012"]
[Source "ChessBase"]
[SourceDate "2011.11.24"]
[SourceVersion "1"]
[SourceVersionDate "2011.11.24"]
[SourceQuality "1"]
[WhiteTeam "Zirndorf II"]
[BlackTeam "Fuerth II"]
[WhiteTeamCountry "GER"]
[BlackTeamCountry "GER"]

1. Nf3 d5 2. d4 Nf6 3. c4 g6 4. Nc3 c6 5. cxd5 cxd5 6. g3 Bg7 7. Bg2 0-0 8. Ne5 Nc6 9. 0-0 e6 10. Nxc6 bxc6 11. b3 Re8 12. Bb2 Ba6 13. Re1 Rc8 14. Na4 Nd7 15. Qd2 c5 16. Nxc5 Nxc5 17. dxc5 Bxb2 18. Qxb2 Rxc5 19. Rac1 Rxc1 20. Rxc1 1/2-1/2

[Event "Mittelfranken-chTB2a 1011"]
[Site "Germany"]
[Date "2010.11.21"]
[Round "3.5"]
[White "Zwingel, Stephan"]
[Black "Nemeth Csoka, Mihaly"]
[Result "1-0"]
[WhiteElo "1949"]
[BlackElo "1746"]
[PlyCount "121"]
[EventDate "2010.09.26"]
[EventType "team-tourn"]
[EventRounds "9"]
[EventCountry "GER"]
[SourceTitle "EXT 2012"]
[Source "ChessBase"]
[SourceDate "2011.11.24"]
[SourceVersion "1"]
[SourceVersionDate "2011.11.24"]
[SourceQuality "1"]
[WhiteTeam "Zirndorf II"]
[BlackTeam "Grossenseebach"]
[WhiteTeamCountry "GER"]
[BlackTeamCountry "GER"]

1. Nf3 g6 2. d4 Bg7 3. c4 d6 4. Nc3 e5 5. dxe5 dxe5 6. Qxd8+ Kxd8 7. Bg5+ f6 8. 0-0-0+ Bd7 9. Be3 c6 10. g3 Ne7 11. Bc5 Na6 12. Ba3 Ke8 13. Ne4 Be6 14. Bg2 c5 15. b3 Nf5 16. Bxc5 Nxc5 17. Nxc5 Ke7 18. Nxe6 Kxe6 19. Rd2 Bh6 20. e3 Nxe3 21. fxe3 Bxe3 22. Kc2 Bxd2 23. Nxd2 Rab8 24. Bd5+ Ke7 25. Re1 Rhd8 26. g4 b5 27. g5 bxc4 28. gxf6+ Kxf6 29. Bxc4 Re8 30. h4 Re7 31. Rf1+ Kg7 32. Ne4 Rc8 33. Kd3 Rd8+ 34. Ke3 Rd4 35. a4 a5 36. h5 Rd8 37. Nf6 gxh5 38. Nxh5+ Kg6 39. Ng3 Rc7 40. Ne4 Kg7 41. Rf5 Re8 42. Rg5+ Kh6 43. Rg1 Rf8 44. Rd1 Rf5 45. Rd5 Ra7 46. Rc5 Rh5 47. Nd6 Rd7 48. Nf7+ Kg7 49. Nxe5 Re7 50. Kd4 Rh1 51. Rxa5 h5 52. Nd3 h4 53. Bd5 Rg1 54. Rb5 h3 55. Rb7 Rxb7 56. Bxb7 h2 57. Nf2 Kf6 58. a5 Ke6 59. a6 Ra1 60. Kc5 Ra3 61. b4 1-0

[Event "Nuremberg LGA Cup 7th"]
[Site "Nuremberg"]
[Date "2010.09.03"]
[Round "2"]
[White "Krawczyk, Harald"]
[Black "Zwingel, Stephan"]
[Result "0-1"]
[WhiteElo "1723"]
[BlackElo "2036"]
[PlyCount "80"]
[EventDate "2010.09.02"]
[EventType "swiss"]
[EventRounds "7"]
[EventCountry "GER"]
[SourceTitle "CBM 138 Extra"]
[Source "ChessBase"]
[SourceDate "2010.10.29"]
[SourceVersion "1"]
[SourceVersionDate "2010.10.29"]
[SourceQuality "1"]

1. e4 c5 2. Nf3 d6 3. Bc4 e6 4. Nc3 Nf6 5. d3 Be7 6. 0-0 Nc6 7. a3 a6 8. Ne2 d5 9. exd5 exd5 10. Ba2 Bg4 11. Ng3 Nd4 12. Re1 0-0 13. c3 Nxf3+ 14. gxf3 Be6 15. d4 c4 16. Bg5 h6 17. Bf4 Re8 18. Bb1 Bf8 19. Be5 g6 20. Kh1 Bg7 21. Rg1 Kh8 22. Rg2 Rg8 23. Qd2 Qf8 24. Bc2 Nh7 25. Bxg7+ Qxg7 26. Nh5 Qf8 27. Nf4 Re8 28. Rag1 Ng5 29. Rg3 Rg7 30. h4 Nh7 31. Nxe6 Rxe6 32. Qxh6 Qe7 33. Qf4 Nf6 34. Qg5 Re2 35. Ba4 Rh7 36. Bd1 Rxf2 37. Rh3 Qe6 38. Rgg3 Rf1+ 39. Kg2 Rxd1 40. h5 Qe2# 0-1

[Event "Nuremberg LGA Cup 7th"]
[Site "Nuremberg"]
[Date "2010.09.03"]
[Round "3"]
[White "Zwingel, Stephan"]
[Black "Hirschberg, Valerian"]
[Result "0-1"]
[WhiteElo "2036"]
[BlackElo "2137"]
[PlyCount "36"]
[EventDate "2010.09.02"]
[EventType "swiss"]
[EventRounds "7"]
[EventCountry "GER"]
[SourceTitle "CBM 138 Extra"]
[Source "ChessBase"]
[SourceDate "2010.10.29"]
[SourceVersion "1"]
[SourceVersionDate "2010.10.29"]
[SourceQuality "1"]

1. Nf3 Nf6 2. g3 c5 3. Bg2 g6 4. 0-0 Bg7 5. c3 0-0 6. d3 d5 7. Nbd2 Nc6 8. e4 e5 9. Re1 h6 10. a3 a5 11. Qc2 Be6 12. exd5 Nxd5 13. Ne4 b6 14. c4 Nde7 15. Nc3 Rc8 16. Bd2 Qd7 17. Rab1 Rfe8 18. Bf1 Bg4 0-1

[Event "Nuremberg LGA Cup 7th"]
[Site "Nuremberg"]
[Date "2010.09.02"]
[Round "1"]
[White "Zwingel, Stephan"]
[Black "Koepke, Christian"]
[Result "0-1"]
[WhiteElo "2036"]
[BlackElo "2358"]
[PlyCount "74"]
[EventDate "2010.09.02"]
[EventType "swiss"]
[EventRounds "7"]
[EventCountry "GER"]
[SourceTitle "CBM 138 Extra"]
[Source "ChessBase"]
[SourceDate "2010.10.29"]
[SourceVersion "1"]
[SourceVersionDate "2010.10.29"]
[SourceQuality "1"]

1. Nf3 Nf6 2. g3 g6 3. Bg2 Bg7 4. 0-0 0-0 5. d3 c5 6. e4 Nc6 7. Nbd2 d6 8. Re1 e5 9. Nf1 h6 10. Ne3 Be6 11. Bd2 Qd7 12. a3 Nh7 13. Nh4 Bh3 14. c3 Bxg2 15. Nhxg2 f5 16. f4 Rae8 17. Qb3+ Rf7 18. exf5 gxf5 19. Rf1 e4 20. Nh4 Ne7 21. dxe4 fxe4 22. c4 Nc6 23. Bc3 Nd4 24. Qd1 b5 25. Qh5 bxc4 26. Rae1 Nf8 27. Ng4 d5 28. f5 Nh7 29. Rf4 Qc6 30. Kg2 Ref8 31. Ng6 Re8 32. Nxh6+ Bxh6 33. Qxh6 Qf6 34. Ref1 e3 35. Rg4 Rg7 36. Rff4 e2 37. Kf2 Nxf5 0-1

[Event "Mittelfranken-chTB2a 0910"]
[Site "Mittelfranken"]
[Date "2009.12.06"]
[Round "4.3"]
[White "Zwingel, Stephan"]
[Black "Martin, Hans"]
[Result "1-0"]
[WhiteElo "1948"]
[BlackElo "1752"]
[PlyCount "117"]
[EventDate "2009.10.11"]
[EventType "team-tourn"]
[EventRounds "9"]
[EventCountry "GER"]
[SourceTitle "EXT 2011"]
[Source "ChessBase"]
[SourceDate "2010.11.26"]
[SourceVersion "1"]
[SourceVersionDate "2010.11.26"]
[SourceQuality "1"]
[WhiteTeam "Zirndorf II"]
[BlackTeam "Buechenbach/Roth III"]
[WhiteTeamCountry "GER"]
[BlackTeamCountry "GER"]

1. Nf3 Nf6 2. c4 c5 3. Nc3 Nc6 4. d4 cxd4 5. Nxd4 g6 6. e4 d6 7. Be2 Bg7 8. Be3 0-0 9. 0-0 Bd7 10. Rc1 Nxd4 11. Bxd4 Bc6 12. f3 Nd7 13. Bxg7 Kxg7 14. Rf2 Qb6 15. Bf1 Kg8 16. Qd2 Qc5 17. b4 Qxb4 18. Nd5 Qxd2 19. Nxe7+ Kg7 20. Rxd2 Ne5 21. Rxd6 Rfd8 22. Rcd1 Rxd6 23. Rxd6 Ba4 24. Rd4 Nc6 25. Nxc6 Bxc6 26. Kf2 Re8 27. Bd3 Re5 28. Bc2 Ra5 29. Bb3 Rc5 30. Ke3 Kf6 31. Rd2 Ke6 32. f4 f6 33. g4 Ke7 34. h4 h6 35. Rh2 h5 36. gxh5 Rxh5 37. Bd1 Rc5 38. Be2 b6 39. h5 gxh5 40. Rxh5 Rxh5 41. Bxh5 Kd6 42. Kd4 Bd7 43. Bf7 Bc6 44. Bd5 Be8 45. e5+ fxe5+ 46. fxe5+ Ke7 47. a3 Kd7 48. c5 bxc5+ 49. Kxc5 Kc7 50. Bc4 a5 51. e6 Kd8 52. Kd6 Ba4 53. Bd3 Be8 54. Be4 a4 55. Bf5 Kc8 56. e7+ Kb7 57. Bd7 Bh5 58. Bxa4 Kb6 59. e8Q 1-0

[Event "Seebach op 19th"]
[Site "Grossenseebach"]
[Date "2008.05.22"]
[Round "2"]
[White "Liepold, Stefan"]
[Black "Zwingel, Stephan"]
[Result "1-0"]
[WhiteElo "2242"]
[BlackElo "1961"]
[PlyCount "35"]
[EventDate "2008.05.25"]
[EventType "swiss"]
[EventRounds "7"]
[EventCountry "GER"]
[SourceTitle "EXT 2018"]
[Source "ChessBase"]
[SourceDate "2017.10.13"]
[SourceVersion "1"]
[SourceVersionDate "2017.10.13"]
[SourceQuality "1"]

1. e4 c5 2. Nf3 d6 3. d4 cxd4 4. Nxd4 Nf6 5. Nc3 a6 6. Qf3 Nbd7 7. h3 g6 8. g4 Bg7 9. Be3 Qc7 10. 0-0-0 Ne5 11. Qe2 b5 12. f4 Nc6 13. Nxc6 Qxc6 14. e5 Bb7 15. exf6 Qxh1 16. fxg7 Rg8 17. Re1 Bf3 18. Qf2 1-0

[Event "Mittelfrankenliga-B1 0708"]
[Site "Mittelfranken"]
[Date "2008.04.27"]
[Round "9.4"]
[White "Cipra, Lothar"]
[Black "Zwingel, Stephan"]
[Result "1/2-1/2"]
[WhiteElo "1916"]
[BlackElo "1975"]
[PlyCount "34"]
[EventDate "2007.10.14"]
[EventType "team-tourn"]
[EventRounds "9"]
[EventCountry "GER"]
[SourceTitle "EXT 2011"]
[Source "ChessBase"]
[SourceDate "2010.11.26"]
[SourceVersion "1"]
[SourceVersionDate "2010.11.26"]
[SourceQuality "1"]
[WhiteTeam "Schwanstetten"]
[BlackTeam "Zirndorf II"]
[WhiteTeamCountry "GER"]
[BlackTeamCountry "GER"]

1. d4 Nf6 2. c4 e5 3. dxe5 Ng4 4. Nf3 Bc5 5. e3 Nc6 6. Be2 0-0 7. 0-0 Ngxe5 8. Nbd2 Re8 9. a3 a5 10. Nb3 Bf8 11. Nbd4 d6 12. b3 g6 13. Bb2 Bg7 14. Nxc6 Nxc6 15. Bxg7 Kxg7 16. Nd4 Nxd4 17. Qxd4+ Qf6 1/2-1/2

[Event "Mittelfrankenliga-B1 0708"]
[Site "Mittelfranken"]
[Date "2008.04.13"]
[Round "8.3"]
[White "Zwingel, Stephan"]
[Black "Vogiatzis, Dimitrios"]
[Result "1/2-1/2"]
[WhiteElo "1975"]
[BlackElo "1953"]
[PlyCount "56"]
[EventDate "2007.10.14"]
[EventType "team-tourn"]
[EventRounds "9"]
[EventCountry "GER"]
[SourceTitle "EXT 2011"]
[Source "ChessBase"]
[SourceDate "2010.11.26"]
[SourceVersion "1"]
[SourceVersionDate "2010.11.26"]
[SourceQuality "1"]
[WhiteTeam "Zirndorf II"]
[BlackTeam "Nuernberg NT IV"]
[WhiteTeamCountry "GER"]
[BlackTeamCountry "GER"]

1. d4 d5 2. Nf3 e6 3. c4 c6 4. g3 Bd6 5. Bg2 f5 6. 0-0 Nf6 7. Bf4 Bxf4 8. gxf4 dxc4 9. Ne5 Nd5 10. e3 0-0 11. Nxc4 b6 12. Kh1 Ba6 13. Nbd2 Nd7 14. Rg1 Qh4 15. Qf3 b5 16. Ne5 Nxe5 17. fxe5 b4 18. Bf1 Bxf1 19. Raxf1 a5 20. Rc1 Rac8 21. Nc4 a4 22. Nd6 Rc7 23. Rc5 g5 24. Rgc1 g4 25. Qg3 Qg5 26. f4 Qd8 27. Rxc6 Rxc6 28. Rxc6 Qa8 1/2-1/2

[Event "Mittelfrankenliga-B1 0708"]
[Site "Mittelfranken"]
[Date "2008.01.27"]
[Round "5.2"]
[White "Zwingel, Stephan"]
[Black "Erlbeck, Peter"]
[Result "1/2-1/2"]
[WhiteElo "1975"]
[BlackElo "2046"]
[PlyCount "69"]
[EventDate "2007.10.14"]
[EventType "team-tourn"]
[EventRounds "9"]
[EventCountry "GER"]
[SourceTitle "EXT 2011"]
[Source "ChessBase"]
[SourceDate "2010.11.26"]
[SourceVersion "1"]
[SourceVersionDate "2010.11.26"]
[SourceQuality "1"]
[WhiteTeam "Zirndorf II"]
[BlackTeam "Nuernberg Sued SW II"]
[WhiteTeamCountry "GER"]
[BlackTeamCountry "GER"]

1. e4 c5 2. Nf3 Nc6 3. Bb5 g6 4. Bxc6 dxc6 5. d3 f6 6. Be3 e5 7. h3 Nh6 8. 0-0 Be6 9. c3 Qc7 10. Qc2 Nf7 11. d4 g5 12. Nbd2 h5 13. dxe5 g4 14. Nh4 gxh3 15. g3 Nxe5 16. Bf4 Rg8 17. Bxe5 fxe5 18. Kh2 0-0-0 19. Nf5 c4 20. b4 Rd3 21. Rfd1 Rg4 22. Ne3 Rxe3 23. fxe3 Rxg3 24. Rg1 Rxe3 25. Nf1 Rd3 26. Rg3 Bh6 27. Rxd3 cxd3 28. Qxd3 Qf7 29. Kg1 Bg4 30. Nh2 Bf4 31. Nxg4 hxg4 32. Rd1 Qe7 33. Qe2 Qe6 34. Qd3 Qe7 35. Qe2 1/2-1/2

[Event "Mittelfranken-ch HT 56th"]
[Site "Postbauer"]
[Date "2007.04.04"]
[Round "4.16"]
[White "Lais, Thomas"]
[Black "Zwingel, Stephan"]
[Result "1/2-1/2"]
[WhiteElo "1836"]
[BlackElo "1889"]
[PlyCount "22"]
[EventDate "2007.04.03"]
[EventType "swiss"]
[EventRounds "9"]
[EventCountry "GER"]
[SourceTitle "EXT 2011"]
[Source "ChessBase"]
[SourceDate "2010.11.26"]
[SourceVersion "1"]
[SourceVersionDate "2010.11.26"]
[SourceQuality "1"]

1. e4 c5 2. Nf3 d6 3. d4 cxd4 4. Nxd4 Nf6 5. Nc3 a6 6. f4 e5 7. Nf3 Nbd7 8. a4 b6 9. Bd3 Be7 10. 0-0 Qc7 11. Qe1 exf4 1/2-1/2

[Event "Mittelfrankenliga-B1 0607"]
[Site "Mittelfranken"]
[Date "2007.03.25"]
[Round "8.7"]
[White "Arlt, Birgit"]
[Black "Zwingel, Stephan"]
[Result "0-1"]
[WhiteElo "1665"]
[BlackElo "1902"]
[PlyCount "60"]
[EventDate "2006.10.22"]
[EventType "team-tourn"]
[EventRounds "9"]
[EventCountry "GER"]
[SourceTitle "EXT 2011"]
[Source "ChessBase"]
[SourceDate "2010.11.26"]
[SourceVersion "1"]
[SourceVersionDate "2010.11.26"]
[SourceQuality "1"]
[WhiteTeam "Schwanstetten"]
[BlackTeam "Zirndorf II"]
[WhiteTeamCountry "GER"]
[BlackTeamCountry "GER"]

1. e4 c5 2. f4 d5 3. exd5 Nf6 4. c4 e6 5. dxe6 Bxe6 6. Nc3 Nc6 7. Nf3 Be7 8. Be2 Qc7 9. d3 Rd8 10. 0-0 Bxc4 11. Qc2 Ba6 12. Ne4 Nb4 13. Nxf6+ Bxf6 14. Qa4+ Qd7 15. Qb3 0-0 16. Rd1 Rfe8 17. Bf1 Qf5 18. Ne1 Bd4+ 19. Kh1 Nd5 20. g3 h5 21. Nf3 Bf6 22. h4 Qg4 23. Kg2 Ne3+ 24. Bxe3 Rxe3 25. Rd2 Rxf3 26. Kh1 Rxg3 27. Rg2 Rh3+ 28. Rh2 Qf3+ 29. Bg2 Rxh2+ 30. Kxh2 Qxf4+ 0-1

[Event "Mittelfranken Mitte-ch 0607"]
[Site "Zirndorf"]
[Date "2007.01.21"]
[Round "7"]
[White "Sargin, Anatol"]
[Black "Zwingel, Stephan"]
[Result "1-0"]
[WhiteElo "2124"]
[BlackElo "1913"]
[PlyCount "87"]
[EventDate "2007.01.05"]
[EventType "swiss"]
[EventRounds "7"]
[EventCountry "GER"]
[SourceTitle "EXT 2015"]
[Source "ChessBase"]
[SourceDate "2014.11.20"]
[SourceVersion "1"]
[SourceVersionDate "2014.11.20"]
[SourceQuality "1"]

1. e4 c5 2. c3 g6 3. d4 cxd4 4. cxd4 d5 5. exd5 Nf6 6. Nc3 Bg7 7. Nf3 0-0 8. Be2 Nxd5 9. Qb3 Nxc3 10. bxc3 Nc6 11. 0-0 Qc7 12. Bg5 e5 13. Qc4 exd4 14. cxd4 Qa5 15. Rad1 Qb4 16. d5 Qxc4 17. Bxc4 Na5 18. Bd3 Bd7 19. Rfe1 Rfe8 20. Bf1 Rac8 21. Rxe8+ Rxe8 22. Re1 b6 23. Rxe8+ Bxe8 24. Ba6 b5 25. Be3 Nc4 26. Bxa7 Nd6 27. Nd4 f5 28. Nc6 Bf7 29. Bb8 Bf8 30. Nb4 Kg7 31. Bxd6 Bxd6 32. a3 Bxb4 33. axb4 Bxd5 34. Bxb5 Kf6 35. f4 h6 36. g3 g5 37. Kf2 gxf4 38. gxf4 Be4 39. Ke3 Kg6 40. Bd3 Bg2 41. b5 Kf6 42. b6 Bb7 43. Kd4 Ke6 44. Kc5 1-0

[Event "Mittelfranken Mitte-ch 0607"]
[Site "Zirndorf"]
[Date "2007.01.21"]
[Round "6"]
[White "Zwingel, Stephan"]
[Black "Goetz, Dieter"]
[Result "1/2-1/2"]
[WhiteElo "1913"]
[BlackElo "1878"]
[PlyCount "27"]
[EventDate "2007.01.05"]
[EventType "swiss"]
[EventRounds "7"]
[EventCountry "GER"]
[SourceTitle "EXT 2015"]
[Source "ChessBase"]
[SourceDate "2014.11.20"]
[SourceVersion "1"]
[SourceVersionDate "2014.11.20"]
[SourceQuality "1"]

1. Nf3 Nf6 2. d4 d6 3. h3 c6 4. Bf4 g6 5. Nc3 Qa5 6. Qd2 Bg7 7. e4 0-0 8. Bd3 Nbd7 9. 0-0 e5 10. dxe5 Nxe5 11. Nxe5 dxe5 12. Nd5 Qxd2 13. Nxf6+ Bxf6 14. Bxd2 1/2-1/2

[Event "Mittelfranken Mitte-ch 0607"]
[Site "Zirndorf"]
[Date "2007.01.07"]
[Round "5"]
[White "Woerl, Richard"]
[Black "Zwingel, Stephan"]
[Result "1/2-1/2"]
[WhiteElo "1970"]
[BlackElo "1913"]
[PlyCount "48"]
[EventDate "2007.01.05"]
[EventType "swiss"]
[EventRounds "7"]
[EventCountry "GER"]
[SourceTitle "EXT 2015"]
[Source "ChessBase"]
[SourceDate "2014.11.20"]
[SourceVersion "1"]
[SourceVersionDate "2014.11.20"]
[SourceQuality "1"]

1. e4 c5 2. c3 g6 3. Be2 Bg7 4. f4 d5 5. exd5 Qxd5 6. Nf3 Nc6 7. 0-0 Nf6 8. d4 cxd4 9. cxd4 0-0 10. Nc3 Qd8 11. d5 Nb4 12. Bc4 Bg4 13. a3 Rc8 14. Qb3 Nc2 15. Qxc2 Rxc4 16. Qb3 Rc7 17. Be3 b6 18. Ne5 Bd7 19. Rad1 Ne8 20. Nxd7 Rxd7 21. f5 Nd6 22. fxg6 hxg6 23. Nb5 Nxb5 24. Qxb5 e6 1/2-1/2

[Event "Mittelfranken Mitte-ch 0607"]
[Site "Zirndorf"]
[Date "2007.01.07"]
[Round "4"]
[White "Zwingel, Stephan"]
[Black "Vogiatzis, Dimitrios"]
[Result "1/2-1/2"]
[WhiteElo "1913"]
[BlackElo "1986"]
[PlyCount "30"]
[EventDate "2007.01.05"]
[EventType "swiss"]
[EventRounds "7"]
[EventCountry "GER"]
[SourceTitle "EXT 2015"]
[Source "ChessBase"]
[SourceDate "2014.11.20"]
[SourceVersion "1"]
[SourceVersionDate "2014.11.20"]
[SourceQuality "1"]

1. d4 f5 2. c4 Nf6 3. Nc3 e6 4. e3 d5 5. Bd3 c6 6. f4 Bd6 7. Nf3 0-0 8. 0-0 Ne4 9. Bd2 Bd7 10. Be1 Be8 11. Ne5 Nd7 12. Nxe4 dxe4 13. Nxd7 Qxd7 14. Be2 Be7 15. Qb3 a5 1/2-1/2

[Event "Nuremberg LGA Cup 3rd"]
[Site "Nuremberg"]
[Date "2006.09.10"]
[Round "6.25"]
[White "Sobolevsky, Leonid"]
[Black "Zwingel, Stephan"]
[Result "1-0"]
[WhiteElo "2377"]
[BlackElo "2073"]
[PlyCount "55"]
[EventDate "2006.09.07"]
[EventType "swiss"]
[EventRounds "7"]
[EventCountry "GER"]
[SourceTitle "EXT 2022"]
[Source "ChessBase"]
[SourceDate "2021.10.06"]
[SourceVersion "1"]
[SourceVersionDate "2021.10.06"]
[SourceQuality "1"]

1. e4 c5 2. Nf3 d6 3. d4 cxd4 4. Nxd4 Nf6 5. Nc3 a6 6. Bg5 e6 7. Qe2 h6 8. Be3 Qc7 9. a4 b6 10. f3 Bb7 11. Nb3 Nbd7 12. 0-0-0 Be7 13. Bd4 0-0 14. g4 Rfd8 15. h4 e5 16. Be3 d5 17. g5 d4 18. gxf6 Bxf6 19. Nxd4 exd4 20. Bxd4 Bxd4 21. Rxd4 Qf4+ 22. Qd2 Qxd2+ 23. Kxd2 Ne5 24. Rxd8+ Rxd8+ 25. Ke3 Kf8 26. h5 Ke7 27. Rg1 Kf6 28. f4 1-0

[Event "Nuremberg LGA Cup 3rd"]
[Site "Nuremberg"]
[Date "2006.09.09"]
[Round "4.46"]
[White "Kretschmer, Wolfgang2"]
[Black "Zwingel, Stephan"]
[Result "1/2-1/2"]
[WhiteElo "1618"]
[BlackElo "2073"]
[PlyCount "34"]
[EventDate "2006.09.07"]
[EventType "swiss"]
[EventRounds "7"]
[EventCountry "GER"]
[SourceTitle "EXT 2022"]
[Source "ChessBase"]
[SourceDate "2021.10.06"]
[SourceVersion "1"]
[SourceVersionDate "2021.10.06"]
[SourceQuality "1"]

1. c4 Nf6 2. Nc3 g6 3. g3 Bg7 4. Bg2 0-0 5. d4 d6 6. e4 Na6 7. Nge2 c6 8. 0-0 e5 9. a3 Nc7 10. Qd3 Qe8 11. f4 Rb8 12. fxe5 dxe5 13. d5 Bg4 14. b4 b5 15. Be3 Qd7 16. Bxa7 Rb7 17. Bc5 Rd8 1/2-1/2

[Event "Nuremberg LGA Cup 3rd"]
[Site "Nuremberg"]
[Date "2006.09.08"]
[Round "2.31"]
[White "Safyanovsky, Mark"]
[Black "Zwingel, Stephan"]
[Result "1-0"]
[WhiteElo "2347"]
[BlackElo "2073"]
[PlyCount "45"]
[EventDate "2006.09.07"]
[EventType "swiss"]
[EventRounds "7"]
[EventCountry "GER"]
[SourceTitle "EXT 2022"]
[Source "ChessBase"]
[SourceDate "2021.10.06"]
[SourceVersion "1"]
[SourceVersionDate "2021.10.06"]
[SourceQuality "1"]

1. d4 g6 2. e4 c5 3. d5 Bg7 4. Nc3 d6 5. Be2 Na6 6. Nf3 Nf6 7. 0-0 0-0 8. Nd2 Nc7 9. a4 e6 10. Nc4 exd5 11. exd5 Re8 12. Bf4 Ne4 13. Nxe4 Rxe4 14. Bxd6 Rd4 15. Qc1 Rxd5 16. Bg3 Be6 17. Bf3 Rd4 18. Na5 Bd5 19. c3 Rd3 20. Nxb7 Bxb7 21. Bxb7 Rb8 22. Be4 Rd2 23. Bxc7 1-0

[Event "Nuremberg-ch op 06th"]
[Site "Nuremberg"]
[Date "2006.06.03"]
[Round "2.35"]
[White "Zwingel, Stephan"]
[Black "Niederkleine, Ingmar"]
[Result "1-0"]
[WhiteElo "1910"]
[BlackElo "1515"]
[PlyCount "65"]
[EventDate "2006.06.02"]
[EventType "swiss"]
[EventRounds "5"]
[EventCountry "GER"]
[SourceTitle "EXT 2007"]
[Source "ChessBase"]
[SourceDate "2006.11.23"]
[SourceVersion "1"]
[SourceVersionDate "2006.11.23"]
[SourceQuality "1"]

1. d4 Nf6 2. Bg5 d5 3. e3 Nbd7 4. Nf3 e6 5. Bd3 c5 6. c3 c4 7. Bc2 h6 8. Bh4 g5 9. Bg3 b5 10. Nbd2 Qb6 11. 0-0 Bd6 12. e4 dxe4 13. Nxe4 Nxe4 14. Bxe4 Rb8 15. Qe2 Bxg3 16. hxg3 Bb7 17. Rfe1 Bxe4 18. Qxe4 Qb7 19. d5 Ke7 20. Rad1 Rhd8 21. Qh7 Nf8 22. Qxh6 Rxd5 23. Ne5 Rbd8 24. Qxg5+ Ke8 25. Rxd5 Rxd5 26. Qe3 Nd7 27. Nxf7 Kxf7 28. Qxe6+ Kg7 29. Qe7+ Kg8 30. Re4 Nc5 31. Rg4+ Kh8 32. Qf8+ Kh7 33. Qg8+ 1-0

[Event "Mittelfrankenliga-B1 0506"]
[Site "Germany"]
[Date "2006.04.30"]
[Round "9.4"]
[White "Renner, Christian"]
[Black "Zwingel, Stephan"]
[Result "1/2-1/2"]
[WhiteElo "1936"]
[BlackElo "1926"]
[PlyCount "23"]
[EventDate "2005.10.16"]
[EventType "team-tourn"]
[EventRounds "9"]
[EventCountry "GER"]
[SourceTitle "EXT 2007"]
[Source "ChessBase"]
[SourceDate "2006.11.23"]
[SourceVersion "1"]
[SourceVersionDate "2006.11.23"]
[SourceQuality "1"]

1. d4 Nf6 2. c4 g6 3. Nc3 d5 4. Bg5 Bg7 5. Bxf6 Bxf6 6. cxd5 c5 7. dxc5 0-0 8. e3 Qa5 9. Qd2 Qxc5 10. Ne4 Qb6 11. Nxf6+ Qxf6 12. Nf3 1/2-1/2

[Event "Mittelfranken-ch QT 55th"]
[Site "Postbauer"]
[Date "2006.04.15"]
[Round "7"]
[White "Leuschner, Guenter"]
[Black "Zwingel, Stephan"]
[Result "0-1"]
[WhiteElo "1861"]
[BlackElo "1926"]
[PlyCount "60"]
[EventDate "2006.04.12"]
[EventType "swiss"]
[EventRounds "7"]
[EventCountry "GER"]
[SourceTitle "EXT 2015"]
[Source "ChessBase"]
[SourceDate "2014.11.20"]
[SourceVersion "1"]
[SourceVersionDate "2014.11.20"]
[SourceQuality "1"]

1. d4 Nf6 2. c4 g6 3. Nc3 Bg7 4. Nf3 0-0 5. e4 d6 6. Bg5 h6 7. Bf4 c5 8. dxc5 dxc5 9. Bd3 Nc6 10. Qe2 Bg4 11. Qe3 Kh7 12. 0-0 Nd4 13. Ne5 Be6 14. h3 Nd7 15. Ng4 Bxg4 16. hxg4 Ne5 17. Bxe5 Bxe5 18. f4 Nc2 19. Qh3 Bd4+ 20. Kh2 Nxa1 21. e5 Bxc3 22. bxc3 Kg7 23. Rxa1 Qc7 24. Re1 f6 25. Qf3 fxe5 26. Qe4 Qc6 27. Qxe5+ Qf6 28. Qxc5 Qh4+ 29. Kg1 Qxe1+ 30. Kh2 Rxf4 0-1